000 00588nam a2200181 i 4500
001 90108
003 ES-MaACL
005 20230906180342.0
007 t|
008 050118s1971 sp ||||1| spa d
100 1 _aLefebvre, Henri.
_971225
245 1 0 _aIntroducción a la modernidad
_b: preludios /
_cHenri Lefebvre ; [traducción por Dámaso Alvarez-Monteagudo Rizo].
260 _aMadrid :
_bTecnos,
_c[1971]
300 _a340 p. ;
_c23 cm.
650 4 _aCivilización moderna.
_911098
700 1 _aAlvarez-Monteagudo Rizo, Dámaso.
_920884
852 _aES-MaACL
_jC-43126
_bR.77512
999 _c90108
_d90108